| 000 | 02327cam a22004694i 4500 | ||
|---|---|---|---|
| 003 | PE-LiUPU | ||
| 005 | 20250731172737.0 | ||
| 008 | 150617s1983 sp rb 000 0 spa d | ||
| 020 | _a8425412773 | ||
| 035 | _a(Sirsi) i9788425412776 | ||
| 040 |
_aPE-LiUPU _bspa _cPE-LiUPU _erda |
||
| 049 | _aPRUA | ||
| 082 | 0 | 4 |
_a225.1 _bG347i _221 |
| 100 | 1 |
_aGeorge, Augustin, _eautor |
|
| 245 | 1 | 0 |
_aIntroducción Crítica al Nuevo Testamento : _nVolumen segundo / _cpublicada bajo la dirección de Augustin George y Pierre Grelot |
| 264 | 1 |
_aBarcelona : _bEditorial Herder, _c1983. |
|
| 300 |
_a708 páginas ; _c22 centímetros. |
||
| 336 |
_atext _2rdacontent |
||
| 337 |
_aunmediated _2rdamedia |
||
| 338 |
_avolume _2rdacarrier |
||
| 490 | 0 |
_a(Biblioteca Herder. Sección de Sagrada Escritura ; Introducción a la biblia ; _vVolumen 160) |
|
| 504 | _aIncluye bibliografía. | ||
| 505 | 0 | _aLa carta a los Hebreos -- La carta de Santiago -- La primera carta de Pedro -- La carta de Judas -- La segunda carta de Pedro -- Problemas literarios -- El mensaje y las enseñanzas del Apocalipsis -- Autor y fecha de composición -- La primera carta de Juan -- Las cartas segunda y tercera -- Historia de la interpretación -- Presentación literaria del IV evangelio -- Del IV evangelio a la tradición joánica -- El trasfondo religioso del libro y su mensaje -- Juan el teólogo -- El autor del evangelio -- Los textos del nuevo testamento en la vida comunitaria -- La literatura del medio judeocristiano antes del 70 -- La producción literaria en tierra de misión hasta el año 70 -- La diáspora cristiana después del año 70 -- En los orígenes del canon en las Escrituras -- Al margen de los evangelios. | |
| 526 | _aSEG42 | ||
| 526 | _aSEG41 | ||
| 526 | _aSEG40 | ||
| 526 | _aSEG39 | ||
| 526 | _aP94 | ||
| 526 | _aP87 | ||
| 526 | _aP86 | ||
| 526 | _aP85 | ||
| 526 | _aP77 | ||
| 526 | _aP76 | ||
| 526 | _aP35 | ||
| 630 | 0 |
_aBiblia. _pNuevo Testamento _vIntroducciones _91606 |
|
| 700 | 1 |
_aGrelot, Pierre, _edirector de publicación |
|
| 910 | _ajck | ||
| 942 |
_2ddc _cBK |
||
| 949 |
_a225 G38 2 _wDEWEY _c1 _i21907 _lCCODEBUL1 _mBUL _r0 _sY _tBOOK _u2015-6-17 _xTEOLOGIA _0COMPRA _o.STAFF. Colección general |
||
| 999 |
_c2037 _d2037 |
||
| 980 |
_81 _gALBERTO SANCHEZ Responsable de Automatización |
||